|
|
|
|
| LEADER |
01006nam a2200277 a 4500 |
| 001 |
1357 |
| 003 |
BD-DhAAL |
| 005 |
20150607112501.0 |
| 008 |
150607s1992 nyua b 001 0 eng |
| 010 |
|
|
|a 91031851
|
| 020 |
|
|
|a 007013636X :
|c $21.95
|
| 040 |
|
|
|a DLC
|c DLC
|d DLC
|d BD-DhAAL
|
| 050 |
0 |
0 |
|a PE1408
|b .C715 1992
|
| 082 |
0 |
0 |
|a 808/.042
|2 20
|
| 100 |
1 |
|
|a Crews, Frederick C.
|9 11744
|
| 245 |
1 |
4 |
|a The Random House handbook /
|c Frederick Crews.
|
| 250 |
|
|
|a 6th ed.
|
| 260 |
|
|
|a New York :
|b McGraw-Hill,
|c c1992.
|
| 300 |
|
|
|a xvii, 764 p. :
|b ill. ;
|c 22 cm.
|
| 504 |
|
|
|a Includes bibliographical references and index.
|
| 541 |
|
|
|e 1357
|
| 650 |
|
0 |
|a English language
|x Rhetoric
|x Handbooks, manuals, etc.
|9 11745
|
| 650 |
|
0 |
|a English language
|x Grammar
|x Handbooks, manuals, etc.
|9 11746
|
| 942 |
|
|
|2 ddc
|c BK
|
| 999 |
|
|
|c 34630
|d 34630
|
| 952 |
|
|
|0 0
|1 0
|2 ddc
|4 0
|6 808_042000000000000_CRE
|7 0
|9 54081
|a SCL
|b SCL
|c GEN
|d 2015-06-07
|e Gift: The Asia Foundation
|l 0
|o 808.042 CRE
|p 3020001357
|r 2015-06-07
|t 1
|w 2015-06-07
|y BK
|